00694 2200265 4500001002100000005001500021035002500036007000300061008004100064040001700105090002000122090002100142100001500163245005000178250001100228260003000239300002900269850001200298020002200310082001400332084001600346999002100362650002400383990002100407YOGYA00000000008646720200625110109 a0010-081400000086184ta131204s2013 yoi g ind d aYOPDYOGbind aDEP 650.1 ARI s aCB-D.11 2013-2600 aAri Kurnia00aSmart creative preneur /cpenulis, Ari Kurnia aCet. 13 aYogyakarta :bAndi,c2013 avi, 186 halaman ;c23 cm aYOPDYOG a978-979-29-3475-504222a650.1 a650.1 ARI s aCB-D.11/2013-260 4aSukses dalam bisnis aCB-D.11/2013-260